000 00274nam a22001217a 4500
082 _a153.4
_bMOD/P
100 _aMODERN
245 _aPOCKET BOOK OF QUOTATIONS
260 _aDELHI
_bM.B.D PUBLISHERS DISTRIBUTORS
300 _a466
650 _aQUOTATIONS
_zDELHI
942 _cBK
999 _c3733
_d3733